El interrogatorio de testigos

Detalles Bibliográficos
Otros Autores: Abel Lluch, Xavier (Conductor), Arbos i Llobet, Ramn̤, Arjona Sebasti,̉ Cšar (coor), Ginš Castellet, Nr︢ia (coor), Pic ̤i Junoy, Joan (Conductor)
Formato: Desconocido
Lenguaje:español
Publicado: Barcelona : Bosch, 2008
Colección:Coleccin̤ de Formacin̤ continua. Facultad de Derecho ESADE. Estudios prc̀ticos sobre los medios de prueba
Materias:
Acceso en línea:Acceso restringido

MARC

LEADER 00000ny a22000003n 4500
005 20110623174318.0
008 080710s2008 sp s 000 0 spa d
020 |a 8476988095 
035 |a 2367 
040 |a SpMaUCDE  |d vlex 
040 |a UMA.RE  |d vlex 
080 |a 347.943(460) 
090 |c 1098  |d 1098 
245 0 3 |a El interrogatorio de testigos  |h [Recurso electrn̤ico]  |c Xavier Abel Lluch, Joan Pic ̤i Junoy (directores) ; Nr︢ia Ginš Castellet, Cšar Arjona Sebasti ̉(coordinadores) ; Ramn̤ Arbos i Llobet, ... [et al.] 
256 |a Servicio en ln̕ea 
260 |a Barcelona :   |b Bosch,   |c 2008 
506 1 |a Contenido solo disponible en los productos indicados  |d vLex Global  |d vLex Global (Academic Edition, excluding Law Schools)  |d vLex Global (U.S. Academic Edition, Law Schools)  |d vLex Global (U.S. Academic Edition, excluding Law Schools)  |d vLex Global (Academic Edition, Law Schools) 
650 0 7 |a Prueba  |2 Tesauro vLex 
650 0 7 |a Procesal  |2 Tesauro vLex 
650 0 7 |a Medios de prueba  |2 Tesauro vLex 
650 0 7 |a Prueba testifical  |2 Tesauro vLex 
650 0 7 |a Interrogatorio en juicio  |2 Tesauro vLex 
700 1 |a Abel Lluch, Xavier,   |e dir 
700 1 |a Arbos i Llobet, Ramn̤ 
700 1 |a Arjona Sebasti,̉ Cšar,   |e coor 
700 1 |a Ginš Castellet, Nr︢ia,   |e coor 
700 1 |a Pic ̤i Junoy, Joan,   |e dir 
740 0 |a vLex Libros (Servicios en ln̕ea) 
830 0 |a Coleccin̤ de Formacin̤ continua.  |p Facultad de Derecho ESADE.  |p Estudios prc̀ticos sobre los medios de prueba 
856 4 0 |u http://vlex.com/source/2367  |z Acceso restringido 
942 |c BOOK 
999 0 4 |a Testigos  |v En ln̕ea